LIBRARY & INFORMATION CENTRE, KCAET, TAVANUR

ONLINE PUBLIC ACCESS CATALOGUE (OPAC)

Objective Food Technology (Record no. 15594)

MARC details
000 -LEADER
fixed length control field 00406nam a22001577a 4500
003 - CONTROL NUMBER IDENTIFIER
control field OSt
008 - FIXED-LENGTH DATA ELEMENTS--GENERAL INFORMATION
fixed length control field 190517b ||||| |||| 00| 0 eng d
020 ## - INTERNATIONAL STANDARD BOOK NUMBER
ISBN 9789351246794
082 ## - DEWEY DECIMAL CLASSIFICATION NUMBER
Classification number 664
Item number KET/OB
100 ## - MAIN ENTRY--AUTHOR NAME
Personal name Kethavathu, Murali Naik
245 ## - TITLE STATEMENT
Title Objective Food Technology
260 ## - PUBLICATION, DISTRIBUTION, ETC. (IMPRINT)
Place of publication New Delhi
Name of publisher Daya Publishing House
Year of publication 2019
300 ## - PHYSICAL DESCRIPTION
Number of Pages 230 p.
700 ## - ADDED ENTRY--PERSONAL NAME
Personal name Balfour, Deepika
942 ## - ADDED ENTRY ELEMENTS (KOHA)
Koha item type Books
Holdings
Withdrawn status Lost status Damaged status Collection code Home library Current library Shelving location Date acquired Cost, normal purchase price Full call number Accession Number Koha item type
      Non-fiction KAUAET KAUAET General Stacks 17/05/2019 245.00 664 KET/OB 25833 Books
free website counter